000 01976cam a2200589 i 4500
001 53247
003 KOSZ 005
005 20240710062842.0
008 240709s2003 pl a f 001 0 pol
015 _aUWD 2003/13264
020 _a8391524949
035 _a991021112749705066
035 _a(PL-WaBN)b15714937-48omnis_nlop
035 _ab15714937
035 _a(OCoLC)749246786
035 _a(PL)b0000001571493
035 _a(EXLNZ-48OMNIS_NETWORK)9910390125305606
040 _aWA N
_cWA N
_dKOSZ 005/RW
046 _k2003
080 _a351(1-2)
080 _a338.49
080 _a336.5
080 _a657
080 _a339.7(4-67)
245 0 0 _aStudium wykonalności dla inwestycji komunalnych :
_bto wcale nie trudne... /
_cJacek Kawala, Marlena Modras, Ewa Kalinowska.
250 _aWydanie I.
260 _aKraków :
_bLemtech Konsulting,
_c2003.
300 _a290 stron :
_bilustracje ;
_c24 cm.
336 _aTekst
_btxt
_2rdacontent
337 _aBez urządzenia pośredniczącego
_bn
_2rdamedia
338 _aWolumin
_bnc
_2rdacarrier
380 _aKsiążki
380 _aPublikacje fachowe
388 1 _a2001-
504 _aBibliografia na stronach [289]-290.
610 2 7 _aFundusz Spójności UE
_2DBN
650 7 _aFundusze strukturalne UE
_2DBN
650 7 _aGospodarka komunalna
_2DBN
650 7 _aFinanse
_2DBN
650 7 _aInfrastruktura techniczna
_2DBN
650 7 _aInwestycje
_2DBN
650 7 _aSprawozdawczość finansowa
_2DBN
655 7 _aPodręcznik
_2DBN
658 _aGospodarka, ekonomia, finanse
700 1 _aKalinowska, Ewa
_d(1972- )
_eAutor
700 1 _aKawala, Jacek
_eAutor
700 1 _aModras, Marlena
_eAutor
710 2 _aLemtech Konsulting
_4pbl
856 _uhttps://koha.tu.koszalin.pl/cgi-bin/koha/opac-detail.pl?biblionumber=53247
_yKatalog online BPK
942 _2UKD
_cKS
999 _c53247
_d53247